000 01085nam0a2200313 i 4500
001 RU\NLR\bibl\1883534
005 20240726044302.0
010 _a9785990259348
_93000
021 _aRU
_b2012-15867
_91195
035 _a(nilc)RSL-KNO-005404124
035 _a(NLR Aleph) 001873280
090 _a2690593
_c2690593
100 _a20120312d2012 u y0rusy50 ca
101 1 _arus
_cnor
102 _aRU
105 _aa |||||||||
200 1 _aЭй, давайте устроим праздник!
_e[для дошкольного возраста]
_fБъерк Бъяркадоттир
_gпер. с норв. Кононенко Ю.
210 _aХимки (Московская обл.)
_cЛесоскуг
_d2012
215 _a[28] с.
_cцв. ил.
_d22
686 _aШ9(2)70(4Нр)
_2rubbk
686 _aШ9(4Нр)60-4
700 1 _aБъяркадоттир
_bБ.
_gБъерк
_4070
801 0 _aRU
_bRuMoRKP
_c20120312
_grcr
801 1 _aRU
_bРГБ
_c20120312
801 2 _aRU
_bNLR
_c20120323
_grcr
942 _cBOOK
980 _aNBR